50 najbardziej popularnych polskich sportowców w Google - Statystyki

Ogólne statystyki
  • Ten quiz został rozwiązany 2 763 razy
  • Średni wynik to 20 z 50
Statystyki odpowiedzi
Liczba wyników w Google Dyscyplina Imię i nazwisko % Poprawnych
45 100 000 piłka nożna Robert Lewandowski
97%
2 730 000 tenis Iga Świątek
93%
5 180 000 skoki narciarskie Kamil Stoch
90%
2 220 000 skoki narciarskie Piotr Żyła
80%
8 850 000 rajdy/wyścigi Robert Kubica
80%
909 000 skoki narciarskie Adam Małysz
78%
889 000 skoki narciarskie Dawid Kubacki
73%
2 150 000 tenis Agnieszka Radwańska
70%
679 000 siatkówka Bartosz Kurek
66%
3 080 000 biegi narciarskie Justyna Kowalczyk
63%
6 030 000 tenis Hubert Hurkacz
62%
526 000 lekkoatletyka/zrzut młotem Anita Włodarczyk
61%
1 110 000 koszykówka Marcin Gortat
60%
485 000 piłka nożna Jakub Błaszczykowski
54%
632 000 kolarstwo Rafał Majka
53%
490 000 boks Andrzej Gołota
51%
853 000 sztuki walki Mariusz Pudzianowski
49%
1540000 piłka nożna Grzegorz Krychowiak
46%
116 000 lekkoatletyka/zrzut młotem Paweł Fajdek
44%
5 370 000 kolarstwo Michał Kwiatkowski
43%
1 450 000 boks Artur Szpilka
42%
463 000 boks Tomasz Adamek
42%
437 000 lekkoatletyka/skok o tyczce Piotr Lisek
39%
3 560 000 boks Krzysztof Włodarczyk
38%
528 000 lekkoatletyka/chód Robert Korzeniowski
37%
276 000 pływanie Otylia Jędrzejczak
36%
4 160 000 lekkoatletyka/pchnięcie kulą Tomasz Majewski
35%
306 000 sztuki walki Jan Błachowicz
33%
737 000 tenis Jerzy Janowicz
33%
614 000 sztuki walki Joanna Jędrzejczyk
33%
14 200 000 lekkoatletyka/biegi średnie Marcin Lewandowski
32%
84 900 piłka ręczna Sławomir Szmal
28%
2 280 000 piłka nożna Jerzy Dudek
26%
38 400 lekkoatletyka/rzut dyskiem Piotr Małachowski
26%
423 000 rajdy/wyścigi Bartosz Zmarzlik
24%
498 000 sztuki walki Marcin Najman
24%
252 000 rajdy/wyścigi Krzysztof Hołowczyc
22%
645 000 piłka nożna Artur Boruc
21%
282 000 rajdy/wyścigi Kajetan Kajetanowicz
18%
141 000 lekkoatletyka/ skok o tyczce Monika Pyrek
18%
138 000 boks Dariusz Michalczewski
15%
624 000 kolarstwo Maja Włoszczowska
15%
341 000 siatkówka Michał Winiarski
14%
803 000 siatkówka Piotr Gruszka
13%
252 000 rajdy wyścigi Tomasz Gollob
13%
233 000 sztuki walki Przemysław Saleta
11%
261 000 podnoszenie ciężarów Szymon Kołecki
11%
108 000 żeglarstwo Mateusz Kusznierewicz
9%
62 300 szermierka Sylwia Gruchała
9%
106 000 boks Iwona Guzowska
1%
Nie znaleziono quizów pasujących do podanych kryteriów
Rozkład punktacji
Procent ludzi z każdym wynikiem
Percentyl według liczby udzielonych odpowiedzi
Twoja historia wyników
Nie rozwiązałeś tego quizu